|
|
|
|
| LEADER |
01380nam a2200313 4500 |
| 001 |
DLU120132033 |
| 005 |
##20120224 |
| 040 |
# |
# |
|a DLU
|b vie
|
| 041 |
# |
# |
|a vie
|
| 044 |
# |
# |
|a vn
|
| 082 |
# |
# |
|a 005.758 5
|b NG-Q
|
| 100 |
# |
# |
|a Nguyễn Ngọc Quyên.
|
| 245 |
# |
# |
|a Xây dựng báo biểu bằng SQL Report Service /
|c Nguyễn Ngọc Quyên, Phương Lan.
|
| 260 |
# |
# |
|a H. :
|b Lao động - Xã hội,
|c 2009.
|
| 300 |
# |
# |
|a 219 tr. :
|b minh hoạ ;
|c 24 cm.
|
| 505 |
# |
# |
|a Chương 1. Giới thiệu SQL Server 2008 Report Service -- Chương 2. Thiết kế báo biểu -- Chương 3. Làm việc với dữ liệu -- Chương 4. Xây dựng và thực thi một báo biểu đơn giản -- Chương 5. Tạo báo biểu nhanh với Report Wizard -- Chương 6. Cách tạo các loại báo biểu -- Chương 7. Các tính năng khác trong báo biểu -- Chương 8. Tham số và tuỳ chọn định dạng với báo biểu -- Chương 9. Sử dụng Report Builder -- Chương 10. Khai báo tính năng triển khai và huỷ báo biểu.
|
| 650 |
# |
# |
|a Quản lý cơ sở dữ liệu.
|
| 700 |
# |
# |
|a Phương Lan,
|e hiệu đính.
|
| 923 |
# |
# |
|a 18/2011
|
| 991 |
# |
# |
|a GT
|
| 992 |
# |
# |
|a 62000
|
| 994 |
# |
# |
|a DLU
|
| 900 |
# |
# |
|a True
|
| 911 |
# |
# |
|a Nguyễn Thanh Hương
|
| 925 |
# |
# |
|a G
|
| 926 |
# |
# |
|a A
|
| 927 |
# |
# |
|a SH
|
| 980 |
# |
# |
|a Thư viện Trường Đại học Đà Lạt
|